000 00322nam a2200109Ia 4500
008 191206s9999 xx 000 0 und d
090 _aPR5397M7
245 0 _aFrankenstein
260 _cc1997
300 _a"1 videocassette of 1 : sd., col. ; 1/2 in. viewing"
999 _c16007
_d16007